000 00377nam a2200133Ia 4500
005 20260326235456.0
008 260326s9999||||xx |||||||||||||| ||und||
100 _aKlein, Judy Graf
245 4 _aThe Office Book :
_b Ideas and Design for Contemporary Works Spaces /
_cJudy Graf Klein
260 _bFacts on File
300 _a281 p.
650 _aARQUITECTURA CIVIL
942 _cBK
999 _c7926
_d7926